|
|
|
|
| LEADER |
00623cam a2200217 7i4500 |
| 001 |
0000037018 |
| 005 |
20230130090000.0 |
| 007 |
##ta |
| 008 |
221116t20132013 jeng |
| 020 |
# |
# |
|a 9781770893085
|
| 040 |
# |
# |
|a MATR
|
| 090 |
0 |
# |
|a FI 813.54
|b COA
|
| 100 |
1 |
# |
|a Coady, Lynn
|e author
|
| 245 |
1 |
0 |
|a HELLGOING :
|b STORIES
|c Lynn Coady.
|
| 264 |
# |
1 |
|a Toronto:
|b House of Anansi Press,
|c 2015.
|
| 300 |
# |
# |
|a 223 pages;
|c 21 cm.
|
| 336 |
# |
# |
|a text
|2 rdacontent
|
| 337 |
# |
# |
|a unmediated
|2 rdamedia
|
| 338 |
# |
# |
|a volume
|2 rdacarrier
|
| 650 |
# |
0 |
|a English fiction
|
| 999 |
|
|
|a 0000041779
|b Book
|c Book
|e Business Information Centre
|